00817nam a2200169 a 450000100100000000500170001000800410002704000250006808200150009311000320010824502880014026000330042830000170046150000390047895201130051799900170063000003463420200930073816.0111011s1891 sp 000 0 spa d aDO-SdBNPbspacBNPHU axxxbB582c2 aBiblioteca Colombina96006810aCatálogo de sus libros impresos. /cpublicado por primera vez en virtud de acuerdo del Excmo, é Ilmo. Sr. Deán y Cabildo de la santa metropolitana y patriarcal iglesia de Sevilla bajo la inmediata dirección de su bibliotecario el Ilmo. Sr. Dr. D. Servando Arbolí y Faraudo. aSevilla, :bE. Rasco,c1891. av. ;c24 cm. aeste ejemplar trabajado es el v. 2 001050718RVaGRbGRcCTd2011-10-11iLF1l0oxxx B582cp34634-10r2020-06-25w2020-06-25y1ZNo se presta c34125d34125